书目信息 |
| 题名: |
生态农业的技术与模式
|
|
| 作者: | 李文华 , 闵庆文 , 张壬午 编著 | |
| 分册: | ||
| 出版信息: | 北京 化学工业出版社 2005 |
|
| 页数: | 317页 | |
| 开本: | 21cm | |
| 丛书名: | 环境科学与政策丛书 | |
| 单 册: | ||
| 中图分类: | S-0 | |
| 科图分类: | ||
| 主题词: | 生态农业--研究--中国 , 生态农业 | |
| 电子资源: | ||
| ISBN: | 7-5025-7599-5 | |
| 000 | 00981oam2 2200289 450 | |
| 001 | 012007313533 | |
| 005 | 20070522170844.81 | |
| 010 | @a7-5025-7599-5@dCNY29.00 | |
| 100 | @a20070515d2005 km y0chiy0120 ea | |
| 101 | 0 | @achi |
| 102 | @aCN@b110000 | |
| 105 | @ay z 000yy | |
| 106 | @ar | |
| 200 | 1 | @a生态农业的技术与模式@Asheng tai nong ye de ji shu yu mo shi@f李文华,闵庆文,张壬午编著@Fli wen hua,min qing wen,zhang ren wu bian zhu |
| 210 | @a北京@c化学工业出版社@d2005 | |
| 215 | @a317页@d21cm | |
| 225 | 2 | @a环境科学与政策丛书 |
| 330 | @a本书分为六章,详细介绍了中国生态农业发展中积累的成功经验,系统论述了中国生态农业的主要类型、系统模式与实用技术。 | |
| 461 | 0 | @12001 @a环境科学与政策丛书 |
| 606 | 0 | @a生态农业@x研究@y中国 |
| 606 | 0 | @a生态农业 |
| 690 | @aS-0@v4 | |
| 701 | 0 | @a李文华@Ali wen hua@4编著 |
| 701 | 0 | @a闵庆文@Amin qing wen@4编著 |
| 701 | 0 | @a张壬午@Azhang ren wu@f(1942~)@4编著 |
| 801 | 0 | @aCN@bRULIN@c20070522 |
| 905 | @dS-0@e37@s10 | |
| 生态农业的技术与模式/李文华,闵庆文,张壬午编著.-北京:化学工业出版社,2005 |
| 317页;21cm.-(环境科学与政策丛书) |
| ISBN 7-5025-7599-5:CNY29.00 |
| 本书分为六章,详细介绍了中国生态农业发展中积累的成功经验,系统论述了中国生态农业的主要类型、系统模式与实用技术。 |
| ● |
| 相关链接 |
|
|
|
|
正题名:生态农业的技术与模式
索取号:S-0/37
 
预约/预借
| 序号 | 登录号 | 条形码 | 馆藏地/架位号 | 状态 | 备注 |
| 1 | 0573821 | 205738219 | 第二样本阅览室/ [索取号:S-0/37] | 在馆 | |
| 2 | 0573822 | 205738228 | 第三借阅区/ [索取号:S-0/37] | 在馆 | |
| 3 | 0573823 | 205738237 | 第三借阅区/ [索取号:S-0/37] | 在馆 | |
| 4 | 0573824 | 205738246 | 第三借阅区/ [索取号:S-0/37] | 在馆 | |
| 5 | 0573825 | 205738255 | 第三借阅区/ [索取号:S-0/37] | 在馆 | |
| 6 | 0573826 | 205738264 | 教育系资料室/ [索取号:S-0/37] | 在馆 | |
| 7 | 0573827 | 205738273 | 第三借阅区/ [索取号:S-0/37] | 在馆 | |
| 8 | 0573828 | 205738282 | 教育系资料室/ [索取号:S-0/37] | 在馆 | |
| 9 | 0573829 | 205738291 | 教育系资料室/ [索取号:S-0/37] | 在馆 | |
| 10 | 0573830 | 205738308 | 第三借阅区/ [索取号:S-0/37] | 在馆 |